Sharing the V4 Countries´ experience

Salvato in:
Dettagli Bibliografici
Autore principale: Brocková, Ingrid
Natura: Capitolo di libro
Lingua:inglese
bulgaro
Soggetti:
Tags: Aggiungi Tag
Nessun Tag, puoi essere il primo ad aggiungerne!!

MARC

LEADER 00000naa a2200000 4500
001 0259982
005 20240502074117.5
041 0 |a eng 
041 0 |a bul 
044 |a SK 
245 1 0 |a Sharing the V4 Countries´ experience 
610 2 0 |a reformy 
610 2 0 |a koordinácia 
610 2 0 |a Vyšehradská štvorka 
100 1 |a Brocková, Ingrid